Season 1 SNL Hosts by Picture - Statistics

General Stats
  • This quiz has been taken 42 times
  • The average score is 9 of 22
Answer Stats
Picture Answer % Correct
George Carlin
93%
Richard Pryor
93%
Lily Tomlin
68%
Paul Simon
68%
Rob Reiner
65%
Candice Bergen
60%
Kris Kristofferson
58%
Dudley Moore
55%
Anthony Perkins
48%
Elliott Gould
48%
Madeline Kahn
40%
Dick Cavett
38%
Peter Boyle
35%
Buck Henry
33%
Raquel Welch
33%
Desi Arnaz
20%
Robert Klein
18%
Dyan Cannon
15%
Jill Clayburgh
15%
Louise Lasser
15%
Peter Cook
15%
Ron Nesson
5%
No matching quizzes found
Score Distribution
Percent of People with Each Score
Percentile by Number Answered
Your Score History
You have not taken this quiz